MDQL
is popping MORE tags! Check the
thread
!
Quizzes
Events
Quiz Creation
Community
Videos
Private Events
Remove Ads
Sign In
Join for FREE
Feedback
Dark Mode
Quiz Categories
Sports
Geography
Music
Movies
Television
Just For Fun
Miscellaneous
History
Literature
Language
Science
Gaming
Entertainment
Religion
Holiday
For Kids
Quiz Lab
Recent
Popular Today
Quiz Kudos Today
Editor Picks
Curator Picks
Quizzes by...
Day
Popularity
Type
Ratings
Length
Year
Community
Subscriptions
Recent Discussions
Orange Saloon
Badges
Playlists
Quests
Create
Leaderboards
Showdown
Live 5
Trivia Bingo
Activity
Puzzle Library
Sporcle Events
Private Events
Virtual Trivia
Globe League
Become a Host
Pub Owners
SporcleCon
Opinionation
Our Games
Videos
Blog
Mobile Apps
Partnerships
Remove Ads and Go Orange
Feedback
Television
TV Characters
TV Show
Sitcom
Network
Friends
Reality Shows
Cast
South Park
Star Trek
The Simpsons
Doctor Who
Television
TV Characters
TV Show
Sitcom
Network
Friends
Reality Shows
Cast
South Park
Star Trek
The Simpsons
Doctor Who
Random Quiz
Search Sporcle
×
Quiz Lab
Quiz Lab
Television
Food
Type in answers that appear in a list
Type in answers that appear in a list
Classic
Best Score? Go Orange.
Famous TV Cooks and Chefs Stats
Can you name the these famous 'food personalities' from TV?
By
bmaxxx
10m
37 Questions
573 Plays
573 Plays
573 Plays
Comments
Comments
Give Quiz Kudos
Give Quiz Kudos
-
- Ratings
hide this ad
Replay
Link that replays current quiz
Next Quiz
Link to next quiz in quiz playlist
You Got
0%
They Got
Avg Score
35%
Avg Friend Score
Upgrade to see
Score Distribution
Jump to the score distribution portion of the page
Score
0/37
Timer
10:00
0
Plays Today
Hint
Name
% Correct
'Boy Meets Grill' & 'Throwdown' star
Bobby Flay
77.3%
Iron Chef commentator, also hosts 'Good Eats'
Alton Brown
69.8%
'30 Minue Meals' star now media mogul
Rachael Ray
69.8%
Legendary host of 'French Chef' show
Julia Child
64.7%
Savannah resident-
hosts Southern themed 'Home Cooking'
Paula Deen
61.1%
Excitable New Orleans food mogul likes to 'kick it up a notch.'
Emeril Lagasse
56.9%
Sardonic Travel Channel host of 'No Reservartions'
Anthony Bourdain
55.7%
'Barefoot Contessa' is former nuclear policy analyst
Ina Garten
55%
Won 'Next Food Network Star'; TGI Friday's pitchman
Guy Fieri
48.9%
'Naked Chef' program introduced British personality
Jamie Oliver
47.8%
Unique 'Semi-
Homemade Cooking' debuted in 2003
Sandra Lee
47.5%
Food Network's host of 'Ciao America'
Mario Batali
46.9%
Third 'Iron Chef' later battled on 'I/
C America' representing Japan
Masaharu Morimoto
46.9%
'Iron Chef America' competitor, gay icon
Cat Cora
44.7%
BBQ/
soul food specialities by 'Down Home' couple
Pat Neely & Gina Neely
42.9%
Austrian-
born, LA based celebrity chef
Wolfgang Puck
39.3%
'Unwrapped' host once hosted 'Double Dare' on Nickelodeon
Marc Summers
38.4%
Royal Navy vet hosts 'Dinner:Impossible'
Robert Irvine
36.3%
'Everyday Italian' host, granddad is movie produer Dino
Giada DeLaurentiis
36%
Hint
Name
% Correct
Ex-
figure skater turned Food Network host
Brian Boitano
34.4%
Cleveland restauranter and 'Iron Chef'
Michael Symon
32.6%
California based star of 'Food 911' and 'How To Boil Water'
Tyler Florence
32.1%
Bravo's 'Top Chef' host since Season 2
Padma Lakshmi
27.2%
'Ace of Cakes' operates Baltimore cake shop
Adam 'Duff' Goldman
26.9%
Omnipresent 'Living' host/
producer later got in trouble with the SEC
Martha Stewart
26.4%
Head judge on 'Top Chef' & Beard Award winner
Tom Colicchio
25.3%
Flirty UK food presenter hosted 'Bites'
Nigella Lawson
23.6%
'Galloping Gourmet' cooked on TV for many decades
Graham Kerr
19%
Travel Channel's offbeat host of 'Man v. Food'
Adam Richman
18.5%
4th 'NFNS' winner, hosts 'Big Daddy's House'
Aaron McCargo, Jr.
17.3%
'Next F/
N Star' runner up now hosts 'Will Work for Food'
Adam Gertler
14.8%
Acclaimed food author, hosted 'I Love To Eat' in 1946
James Beard
13.4%
'Ciao Italia' a fixture on PBS since 1989
Mary Ann Esposito
6.3%
Co-
Hosts Interactive 'Ask! program with Noah Starr
Aida Mollenkamp
5.8%
Colombian born host of 'Simply Delicioso'
Ingrid Hoffmann
5.6%
'Primal Grill' and 'BBQ U' host seen on public TV
Steven Raichlen
3.5%
Food editor of ABC's 'Good Morning America'
Sara Moulton
2.8%
Quiz Playlist
Details
Report
Send in Message
Add To Playlist
Classic:
Type in answers that appear in a list
Quiz Source
Last Updated: Feb 16, 2017
Quiz Scoreboard
CHALLENGE
Sign Up to Join the Scoreboard
Show All
Scores
Hide
Comments
May contain spoilers
Recently Published
1-10 Letter E Words III
by El_Dandy
Language
2m
Street Fighter Characters
by Artimus82
Gaming
60s
College Basketball Coaching Resumes
by pancakes188
Sports
9m
More to Explore
Quiz From the Vault
Featured Blog Post
Where Did the Easter Bunny Come From?
hide this ad
You Might Also Like...
Tags
Famous Quiz
Food Quiz
chef
cook
Personality
Today's Top Quizzes in Television
Browse Television
hide this ad
Today's Top Quizzes in Food
Browse Food
Top Contributed Quizzes in Television
1
Survivor Journey Challenge
2
Adjectives in 80s TV Shows
3
Adjectives in 00s TV Shows
4
5-to-1: The Simpsons Families
5
5-to-1: Television Doctors
6
Adjectives in 10s TV Shows
7
7-to-1: TV Show Settings
8
Adjectives in 70s TV Shows
9
5-to-1: Streaming Originals
10
Survivor Seasons
Explore More
Trending Topics
Disney
NBA
Harry Potter
Crossword
Kpop
Anime
Marvel
Soccer
WWE
Puzzle
Song
The Office
Country
Pokémon
NFL
hide this ad
More By:
bmaxxx
Quiz
Plays
Rating
Category
Featured
Created
College Football Traditions
5,768
4.25
Sports
Nov 1, 2009
Original Five MTV Veejays
5,008
4.36
Music
Oct 22, 2009
Wrestling Catch Phrases
2,111
3.10
Sports
Oct 20, 2009
50 Famous Rock Bassists
1,809
2.63
Music
Oct 3, 2009
WrestleMania Greatest Matches
1,414
3.43
Sports
Sep 23, 2009
Go to Creator's Profile
Score Distribution
Quiz Creator Spotlight
bmaxxx
Follow
Send a Message
Quizzes Created
-
Created Quiz Play Count
-
More By This Creator
Popular Quizzes Today
1
Find the US States - No Outlines Minefield
2
Find the Countries of Europe - No Outlines Minefield
3
The Countries of the World
4
Find the US States
5
Risky Map Clicking: Biggest States A-Z
6
US States
7
Popular People in 1961
8
Movies - When Are They Set?
More Television Quizzes
TV Characters by Other Roles III
Published
Trending Quizzes
Risky Map Clicking: Least Populous States A-Z
USA Borders Longest to Shortest
1-10 Letter G Words
1-10 Letter F Words
Countries of the World: 200 Million BC
Recently Updated
Beyoncé Albums
pecheneg
Leaping Animals
pecheneg
Reality TV Shows (A-Z)
bhenderson79
Rickey Henderson's Hall of Fame Teammates
pecheneg
Champions League XIs: Arsenal
pecheneg
Quick Pick: Celebrities in WWE's Hall of Fame
aduchscher
A-Z Keypad Blitz II
pecheneg
Multiple Oscar Actors
pecheneg
Mystery Phrase Blitz: Oscar 'Best Actors'
pecheneg
F. Scott Fitzgerald Novels
LTH
Trending Topics
Harry Potter
Marvel
Disney
Anime
Kpop
NBA
Crossword
Puzzle
The Office
Soccer
WWE
NFL
Song
Pokémon
Country
Your Account Isn't Verified!
In order to create a playlist on Sporcle, you need to verify the email address you used during registration. Go to your
Sporcle Settings
to finish the process.
Report this User
Report this user for behavior that violates our
Community Guidelines
.
Details:
Send Report
Go to the Sporcle.com Mobile Site →
Comments